[Event "Mechanics' Spring TNM; G/2"]
[Site "San Francisco"]
[Date "2015.05.05"]
[Round "8.25"]
[White "Kondakov, Adrian"]
[Black "Poler, Sebastian"]
[Result "0-1"]
[WhiteElo "1251"]
[BlackElo "1507"]
[PlyCount "74"]
[EventDate "2015.??.??"]

1. d4 Nf6 2. c4 e6 3. Nc3 Bb4 4. Qc2 O-O 5. Nf3 d6 6. Bg5 Nbd7 7. e3 b6 8. Bd3
h6 9. Bh4 Bb7 10. O-O Bxc3 11. Qxc3 c5 12. Rfd1 Qc7 13. Rac1 Ne4 14. Bxe4 Bxe4
15. Be7 Rfe8 16. dxc5 dxc5 17. Bd6 Qb7 18. Ne5 Nxe5 19. Bxe5 f6 20. Bxf6 $2
gxf6 21. Qxf6 Qg7 22. Qxg7+ Kxg7 23. f3 Bc6 24. Rd6 Rac8 25. Rcd1 Kf7 26. Kf2
Ke7 27. e4 Red8 28. Rxd8 Rxd8 29. Rxd8 Kxd8 30. Kg3 Ke7 31. Kg4 Be8 32. f4 Kf6
33. e5+ Kg6 34. h3 h5+ 35. Kg3 Kf5 36. b3 Bc6 37. Kf2 Kxf4 0-1

[Event "Mechanics' Summer TNM; G/2"]
[Site "San Francisco"]
[Date "2015.05.26"]
[Round "1.19"]
[White "Kondakov, Adrian"]
[Black "Poling, Scott E"]
[Result "0-1"]
[WhiteElo "1501"]
[BlackElo "1915"]
[PlyCount "92"]
[EventDate "2015.??.??"]

1. d4 d5 2. c4 c6 3. cxd5 cxd5 4. Nf3 Nf6 5. Nc3 Nc6 6. Bf4 Bf5 7. e3 e6 8. Qb3
Qb6 9. Qxb6 axb6 10. Bb5 Bb4 11. O-O O-O 12. Bc7 Nd7 13. Na4 Ba5 14. a3 Bc2 15.
b4 Bxa4 16. Bxa4 b5 17. Bd6 Rfc8 18. Bxb5 Bc7 19. Bxc7 Rxc7 20. Rfc1 Rac8 21.
Bxc6 Rxc6 22. Rxc6 Rxc6 23. b5 Rc4 24. a4 Rb4 25. Ne5 Nxe5 26. dxe5 Kf8 27. Kf1
Ke8 28. Ke2 Kd7 29. Kd3 Rb2 30. Kd4 Kc7 31. Rf1 Rb4+ 32. Kc3 Rxa4 33. f4 Ra2
34. Rg1 Kb6 35. h4 Kxb5 36. g4 Rh2 37. h5 Kc5 38. Rb1 b5 39. Rb4 Rh3 40. Rd4
Rxe3+ 41. Rd3 d4+ 42. Kc2 Rxd3 43. Kxd3 Kd5 44. g5 h6 45. gxh6 gxh6 46. Kd2 Ke4
0-1

[Event "Mechanics' Summer TNM; G/2"]
[Site "San Francisco"]
[Date "2015.07.07"]
[Round "7.18"]
[White "Kondakov, Adrian"]
[Black "Porlares, Teodoro"]
[Result "1/2-1/2"]
[WhiteElo "1501"]
[BlackElo "1878"]
[Annotator "Donaldson"]
[PlyCount "72"]
[EventDate "2015.??.??"]

1. e4 c6 2. d4 d5 3. exd5 cxd5 4. c4 Bf5 $6 5. Nc3 Nf6 6. cxd5 Nxd5 7. Qb3 Nb6
(7... Nxc3) 8. Bb5+ Bd7 9. Bxd7+ Qxd7 10. Nf3 e6 11. O-O Bd6 (11... Be7) 12. a4
(12. d5) 12... O-O 13. a5 Nd5 14. Nb5 Bc7 15. Nc3 Nf6 16. Bg5 Nc6 (16... Nd5)
17. a6 Bb6 18. axb7 Rab8 19. Bxf6 gxf6 20. d5 $1 Nd4 21. Nxd4 Bxd4 22. dxe6
fxe6 23. Rfd1 Kh8 24. Rxa7 (24. Ne2 e5 25. Nxd4 exd4 26. Rxa7) 24... e5 25. Nb5
Qe7 26. Nxd4 exd4 27. h3 Qd7 28. Qb6 Kg7 29. Rxd4 Qe7 30. Rg4+ Kh8 31. Qb4 Qc7
32. Rc4 Qd7 33. Rc8 $1 Rbxc8 34. bxc8=Q Qxc8 {Diagram #} 35. Qe7 $4 (35. Qh4) (
35. Qe4) 35... Qc1+ 36. Kh2 Qf4+ 1/2-1/2

[Event "Mechanics' Leighton Allen TNM; G/2"]
[Site "San Francisco"]
[Date "2015.08.10"]
[Round "2.20"]
[White "Kondakov, Adrian"]
[Black "Shnaiderman, Lazar"]
[Result "0-1"]
[WhiteElo "1536"]
[BlackElo "1826"]
[PlyCount "100"]
[EventDate "2015.??.??"]

1. d4 Nf6 2. c4 e6 3. Nc3 Bb4 4. Qc2 Nc6 5. Nf3 d6 6. a3 Bxc3+ 7. Qxc3 a5 8.
Bg5 h6 9. Bh4 O-O 10. e3 Qe7 11. Be2 e5 12. d5 Nb8 13. O-O Nbd7 14. b4 b6 15.
Qc2 Re8 16. Nd2 e4 17. Nb3 a4 18. Nd4 Ne5 19. Bxf6 Qxf6 20. Qxe4 Bd7 21. Qc2 c5
22. dxc6 Nxc6 23. Nf3 Ne5 24. Nxe5 dxe5 25. Bf3 Rac8 26. Qa2 e4 27. Be2 Be6 28.
Rac1 Rc7 29. Qc2 Bd7 30. Qc3 Qg6 31. Kh1 Rec8 32. Qd4 Bf5 33. c5 Rd7 34. Qb2
bxc5 35. Rxc5 Rcd8 36. Qe5 Rd2 37. Qxf5 Qxf5 38. Rxf5 Rxe2 39. Re5 Rxf2 40. Kg1
Ra2 41. Rxe4 Rdd2 42. Rg4 Rxa3 43. Re4 Raa2 44. Rg4 a3 45. b5 Rab2 46. b6 Rxb6
47. Rd4 Rxd4 48. exd4 a2 49. Kf2 Rf6+ 50. Ke2 Rxf1 0-1

[Event "Mechanics' Leighton Allen TNM; G/2"]
[Site "San Francisco"]
[Date "2015.09.15"]
[Round "7.20"]
[White "Kondakov, Adrian"]
[Black "Yamamoto, Craig"]
[Result "0-1"]
[WhiteElo "1536"]
[BlackElo "1535"]
[PlyCount "120"]
[EventDate "2015.??.??"]

1. d4 d5 2. c4 c6 3. cxd5 cxd5 4. Nf3 Nf6 5. Nc3 Nc6 6. Bf4 a6 7. e3 Bf5 8. Qb3
b5 9. Be2 e6 10. O-O Na5 11. Qd1 Bd6 12. Bxd6 Qxd6 13. Ne5 h6 14. Rc1 O-O 15.
Qd2 Nc4 16. Bxc4 bxc4 17. f3 Nd7 18. Nxd7 Qxd7 19. Rfe1 Rfd8 20. b3 cxb3 21.
axb3 Qb7 22. Qa2 Rdb8 23. e4 dxe4 24. fxe4 Bg6 25. Rb1 Rc8 26. Re3 Qb6 27. Qd2
Qb4 28. Qd3 Rd8 29. Ne2 Rd6 30. Qc4 Qd2 31. Qc1 Qb4 32. Qc4 Qb7 33. Ng3 Rc8 34.
Qa4 Qb6 35. Rd1 Rcd8 36. Ne2 e5 37. Qc4 exd4 38. Red3 Bxe4 39. Rxd4 Rxd4 40.
Rxd4 Rxd4 41. Qxd4 Qxd4+ 42. Nxd4 Kf8 43. Kf2 g6 44. g3 Ke7 45. Ke3 Bg2 46. Ne2
Bd5 47. b4 Bc4 48. Nc3 Bf1 49. Kd4 Kd6 50. Ne4+ Ke6 51. Nc5+ Kf5 52. Kd5 Bb5
53. Nb7 Kg4 54. Nd6 Be2 55. Nxf7 h5 56. Ne5+ Kf5 57. Nd7 Bb5 58. Ne5 g5 59. Kd4
Be2 60. Kd5 h4 {White later lost on time but in a position in which Black was
a pawn up with excellent winning chances. Remaining moves unavailable.} 0-1

[Event "Mechanics' Winter TNM; 30/90, SD/30"]
[Site "San Francisco"]
[Date "2015.01.06"]
[Round "1.15"]
[White "Krasnov, Steven"]
[Black "Allen, Tom"]
[Result "1-0"]
[WhiteElo "2016"]
[BlackElo "1565"]
[PlyCount "41"]
[EventDate "2015.??.??"]

1. Nf3 Nf6 2. c4 d5 3. cxd5 Qxd5 4. Nc3 Qa5 5. e4 e5 6. Bc4 Bg4 7. Qb3 Bh5 8.
Qxb7 Nfd7 9. Qxa8 Qb6 10. Nd5 Qc5 11. d3 Bd6 12. b4 Qc6 13. Qxa7 Bxf3 14. gxf3
O-O 15. b5 Qc5 16. Be3 Qxa7 17. Bxa7 c6 18. bxc6 Nxc6 19. Be3 Nb4 20. Nxb4
Bxb4+ 21. Ke2 1-0

[Event "Mechanics' Fall TNM; G/2"]
[Site "San Francisco"]
[Date "2015.12.15"]
[Round "9.5"]
[White "Krasnov, Steven"]
[Black "Alvarez, Gil"]
[Result "0-1"]
[WhiteElo "1921"]
[BlackElo "2003"]
[PlyCount "110"]
[EventDate "2015.??.??"]

1. e4 e5 2. Nf3 Nf6 3. Nxe5 d6 4. Nf3 Nxe4 5. Nc3 Nxc3 6. dxc3 Be7 7. Be3 O-O
8. Bd3 Bg4 9. h3 Bh5 10. Qe2 Nc6 11. g4 Bg6 12. O-O-O Qd7 13. Ne1 f5 14. f4
Rae8 15. Qg2 Qe6 16. Qe2 d5 17. Ng2 Bd6 18. Rde1 Qf6 19. Qf2 fxg4 20. hxg4 Be4
21. Kb1 Qg6 22. Bxe4 Rxe4 23. Qg3 Rfe8 24. Bc1 Re2 25. Rxe2 Rxe2 26. Ne3 Qe4
27. Rf1 g5 28. Qf3 Qxf3 29. Rxf3 d4 30. Nd5 gxf4 31. Nxf4 Re1 32. Nd3 Rg1 33.
g5 dxc3 34. bxc3 Ba3 35. Rf5 b6 36. Rb5 Na5 37. Re5 c5 38. Re1 Rxe1 39. Nxe1
Bxc1 40. Kxc1 Nc4 41. Kd1 Kf7 42. Ke2 Ke6 43. Kd3 Kd5 44. Ng2 b5 45. Nf4+ Ke5
46. Nh3 Kf5 47. Nf2 Nd6 48. Ke3 Kxg5 49. Nd3 Nb7 50. Kf3 Kf5 51. a3 h5 52. Kg3
Ke4 53. Kh4 Ke3 54. Nb2 Kd2 55. c4 Kxc2 0-1

[Event "Mechanics' Winter TNM; 30/90, SD/30"]
[Site "San Francisco"]
[Date "2015.02.10"]
[Round "6.11"]
[White "Krasnov, Steven"]
[Black "Campers, Willie"]
[Result "0-1"]
[WhiteElo "2016"]
[BlackElo "1742"]
[Annotator "Sherwood"]
[PlyCount "130"]
[EventDate "2015.??.??"]

1. e4 c5 2. f4 Nf6 3. d3 Nc6 4. Nf3 g6 5. e5 Nd5 6. c4 Nc7 7. Nc3 Bg7 8. Be3 d6
9. Qd2 O-O 10. g3 Bg4 11. Bg2 Bf5 12. Nh4 Bd7 13. O-O Re8 14. Rae1 Ne6 15. exd6
exd6 16. Nb5 Qb8 17. f5 Ned4 18. fxg6 hxg6 19. Qf2 Be6 20. Bd5 Rf8 21. Qg2 a6
22. Nc3 Nb4 23. Rd1 Nbc2 24. Bc1 Ra7 25. Rf2 Nb4 26. a3 Nxd5 27. cxd5 Bg4 28.
Rdf1 b5 29. h3 Bd7 30. Ne4 Bf5 31. Bf4 Rd7 32. Kh2 Qb6 33. g4 Bxe4 34. Qxe4 Qd8
35. Bg3 Re7 36. Qg2 Rfe8 37. Nf3 Nxf3+ 38. Qxf3 Bd4 39. Rc2 Qd7 40. b4 Re3 41.
Qf4 Re2+ 42. Rxe2 Rxe2+ 43. Kh1 Be5 44. Qf3 Rc2 45. Bxe5 dxe5 46. Qe4 Qc7 47.
bxc5 Rxc5 48. Re1 Qd6 49. Qxe5 Qxd5+ 50. Qxd5 Rxd5 51. Re3 Kg7 52. Kg2 Kf6 53.
Kf3 Kg5 54. Ke4 Rd6 55. Rf3 f6 56. d4 a5 57. Rb3 Rb6 58. Kd5 b4 59. axb4 Rxb4
60. Rxb4 axb4 61. Kc4 f5 62. Kxb4 ({White draws with} 62. gxf5 $1 gxf5 $11 ({
not} 62... Kxf5 $2 63. Kxb4 $18)) 62... f4 63. Kc3 f3 64. Kd3 Kf4 65. Kd2 Kg3
0-1

[Event "Mechanics' Summer TNM; G/2"]
[Site "San Francisco"]
[Date "2015.06.16"]
[Round "4.17"]
[White "Krasnov, Steven"]
[Black "Casares, Nick"]
[Result "1-0"]
[WhiteElo "1977"]
[BlackElo "1600"]
[PlyCount "51"]
[EventDate "2015.??.??"]

1. Nf3 d5 2. d4 Bf5 3. e3 Nf6 4. Nbd2 e6 5. Be2 Be7 6. h3 Nbd7 7. O-O O-O 8. b3
c5 9. Bb2 a6 10. Nh4 b5 11. Nxf5 exf5 12. dxc5 Bxc5 13. Nf3 Re8 14. Qd3 Qb6 15.
Qxf5 Bxe3 16. fxe3 Qxe3+ 17. Rf2 Re4 18. Qg5 Qb6 19. Bd3 h6 20. Qd2 Rae8 21.
Raf1 R4e7 22. Bd4 Qc7 23. Nh4 Ne4 24. Bxe4 dxe4 25. Nf5 e3 26. Nxe7+ 1-0

[Event "Mechanics' Summer TNM; G/2"]
[Site "San Francisco"]
[Date "2015.06.30"]
[Round "6.12"]
[White "Krasnov, Steven"]
[Black "Dupree, Charles"]
[Result "1/2-1/2"]
[WhiteElo "1977"]
[BlackElo "1625"]
[PlyCount "98"]
[EventDate "2015.??.??"]

1. Nf3 e6 2. g3 b5 3. Bg2 Bb7 4. O-O c5 5. d3 d5 6. Nbd2 Nf6 7. c3 Bd6 8. Qc2
O-O 9. e4 Nc6 10. Re1 Qc7 11. b3 Rfd8 12. Bb2 Rac8 13. Rad1 Nd7 14. Nf1 Qb6 15.
Qd2 d4 16. h4 Nde5 17. N1h2 Be7 18. Nxe5 Nxe5 19. Nf3 dxc3 20. Qxc3 Nxf3+ 21.
Bxf3 Bf6 22. Qd2 Bxb2 23. Qxb2 Rd4 24. Re3 Qd6 25. e5 Qd7 26. Bxb7 Qxb7 27. a3
Rcd8 28. f3 R8d5 29. Kf2 Qd7 30. Ke2 Kf8 31. Qc3 Qc7 32. f4 Qb7 33. Rc1 Qa6 34.
Qb2 b4 35. axb4 Rxd3 36. Rxd3 Rxd3 37. Kf2 cxb4 38. Qe2 Qb6+ 39. Kg2 Rxb3 40.
Qc4 Rb2+ 41. Kh3 Rd2 42. Qe4 Rd5 43. Qxh7 b3 44. Qh8+ Ke7 45. Qxg7 b2 46. Qf6+
Ke8 47. Qh8+ Ke7 48. Qf6+ Ke8 49. Qh8+ Ke7 1/2-1/2

[Event "Mechanics' Leighton Allen TNM; G/2"]
[Site "San Francisco"]
[Date "2015.09.22"]
[Round "8.10"]
[White "Krasnov, Steven"]
[Black "Gerwin, Gene"]
[Result "1-0"]
[WhiteElo "1965"]
[BlackElo "1822"]
[PlyCount "111"]
[EventDate "2015.??.??"]

1. c4 g6 2. Nc3 Bg7 3. Nf3 d6 4. d4 b6 5. g3 Bb7 6. Bg2 e6 7. O-O Ne7 8. Re1
O-O 9. e4 h6 10. Be3 Nd7 11. Qc2 a6 12. Rad1 Kh7 13. h4 f5 14. Bc1 Nf6 15. e5
Ne4 16. Nxe4 fxe4 17. Rxe4 Bxe4 18. Qxe4 d5 19. Qc2 dxc4 20. h5 b5 21. Nh4 Ra7
22. Nxg6 Kg8 23. Nxf8 Qxf8 24. Be3 Nd5 25. Qg6 Qf7 26. Bh3 Qxg6 27. hxg6 Ne7
28. Bxe6+ Kf8 29. d5 Ra8 30. d6 cxd6 31. exd6 Nxg6 32. d7 Bf6 33. Bxh6+ Ke7 34.
Bf5 Nf8 35. d8=Q+ Rxd8 36. Rxd8 Kxd8 37. Bxf8 Bxb2 38. Bb4 Kc7 39. Ba5+ Kc6 40.
Kf1 Kc5 41. Ke2 b4 42. Kd1 b3 43. axb3 cxb3 44. Bd2 a5 45. Bxa5 Bd4 46. f3 Kd5
47. Bg6 Ke5 48. Bc7+ Kf6 49. Bd3 b2 50. Kc2 Kg5 51. Bd8+ Kh5 52. g4+ Kh6 53.
g5+ Kg7 54. f4 Be3 55. f5 Bc1 56. g6 1-0

[Event "Mechanics' Spring TNM; G/2"]
[Site "San Francisco"]
[Date "2015.03.17"]
[Round "1.14"]
[White "Krasnov, Steven"]
[Black "Hilliard, Michael"]
[Result "1-0"]
[WhiteElo "2016"]
[BlackElo "1491"]
[PlyCount "93"]
[EventDate "2015.??.??"]

1. Nf3 d5 2. c4 c6 3. g3 Nf6 4. b3 Nbd7 5. Bb2 e6 6. Bg2 Bd6 7. O-O O-O 8. d3
Re8 9. Nbd2 Qc7 10. Rc1 Qb8 11. d4 b6 12. Re1 Bb7 13. a3 e5 14. dxe5 Nxe5 15.
b4 c5 16. Qb3 d4 17. e3 dxe3 18. Rxe3 Neg4 19. Rxe8+ Qxe8 20. h3 Ne5 21. bxc5
Nxf3+ 22. Nxf3 Bxc5 23. Bxf6 gxf6 24. Re1 Qf8 25. a4 Re8 26. Rxe8 Qxe8 27. Qb2
Kg7 28. Qa2 Qa8 29. Nh4 Bxg2 30. Nxg2 Qf3 31. Kf1 Qd1+ 32. Ne1 Bb4 33. Qe2 Qxa4
34. Qg4+ Kf8 35. Nf3 Qd1+ 36. Kg2 Qe2 37. Qf4 Bc5 38. Nh4 Kg7 39. Nf5+ Kf8 40.
g4 a5 41. Qh6+ Ke8 42. Qf4 Qe5 43. Qf3 Qb8 44. Qc6+ Kf8 45. Qxf6 Qb7+ 46. f3
Be7 47. Qh8# 1-0

[Event "Mechanics' Winter TNM; 30/90, SD/30"]
[Site "San Francisco"]
[Date "2015.02.24"]
[Round "8.13"]
[White "Krasnov, Steven"]
[Black "Lin, Aung Tun"]
[Result "0-1"]
[WhiteElo "2016"]
[BlackElo "1735"]
[Annotator "Donaldson"]
[PlyCount "48"]
[EventDate "2015.??.??"]

1. e4 d6 2. f4 e5 3. Nf3 Be7 4. Nc3 exf4 5. d4 Bh4+ 6. Ke2 Bg4 7. Bxf4 Nc6 8.
h3 Bh5 9. g4 Bg6 10. Bg2 Qe7 11. Nxh4 Qxh4 12. Qd2 Nf6 13. Bg5 Qg3 14. Bf3 d5
15. Rag1 Qd6 16. e5 Qe6 17. Bxf6 gxf6 18. Nxd5 $4 (18. Bxd5) 18... O-O-O 19. c4
fxe5 20. dxe5 Nxe5 21. Qe3 Rhe8 22. b3 Qa6 23. Nb4 Nxc4 24. bxc4 Qxc4+ 0-1

[Event "Mechanics' Leighton Allen TNM; G/2"]
[Site "San Francisco"]
[Date "2015.08.25"]
[Round "4.13"]
[White "Krasnov, Steven"]
[Black "Marcus, Joel"]
[Result "1-0"]
[WhiteElo "1965"]
[BlackElo "1815"]
[Annotator "Donaldson"]
[PlyCount "71"]
[EventDate "2015.??.??"]

1. d4 d5 2. Bf4 Nf6 3. e3 c6 4. h3 Qb6 5. Qc1 Bf5 6. Nf3 e6 7. a4 a5 8. Nbd2 h6
9. Be2 Nbd7 10. O-O Be7 11. c4 O-O 12. Rd1 Rac8 13. Ne5 Nxe5 14. Bxe5 Nd7 15.
Bg3 c5 16. Nf3 cxd4 17. Nxd4 Bg6 18. Nb5 Nc5 19. Qc3 Ne4 20. Qb3 Nxg3 21. fxg3
dxc4 22. Bxc4 Bc5 23. Nd4 Qc7 24. g4 Qg3 25. Rac1 Be4 26. Rd2 {Diagram #} Rfd8
(26... Bxd4 27. exd4 Qxb3 28. Bxb3 Rxc1+ $19) 27. Rcd1 e5 (27... Bd6 $1) 28.
Bxf7+ Kh8 29. Nf5 Bxe3+ $4 30. Qxe3 Qxe3+ 31. Nxe3 Rf8 32. Bd5 Bxd5 33. Nxd5
Rc4 34. b3 Re4 35. Ne7 Rf6 36. Nf5 1-0

[Event "Mechanics' Fall TNM; G/2"]
[Site "San Francisco"]
[Date "2015.10.20"]
[Round "1.22"]
[White "Krasnov, Steven"]
[Black "Olson, David R"]
[Result "1-0"]
[WhiteElo "1921"]
[BlackElo "1400"]
[PlyCount "61"]
[EventDate "2015.??.??"]

1. Nf3 c5 2. e4 g6 3. Nc3 Bg7 4. g3 Nc6 5. Bg2 Nd4 6. d3 e5 7. O-O Nf6 8. Nxe5
O-O 9. Nf3 b6 10. e5 Nh5 11. g4 Bb7 12. gxh5 Qc7 13. Re1 Rfe8 14. hxg6 fxg6 15.
Bf4 Rf8 16. Nxd4 cxd4 17. Nb5 Qc5 18. Bxb7 Qxb5 19. Bxa8 Rxf4 20. Qe2 Qc5 21.
Rac1 Bh6 22. c4 Qe7 23. Bd5+ Kg7 24. Rc2 Qf8 25. Kh1 Rh4 26. e6 dxe6 27. Qxe6
Qd8 28. Qe7+ Qxe7 29. Rxe7+ Kf6 30. Rf7+ Kg5 31. Rxh7 1-0

[Event "Mechanics' Summer TNM; G/2"]
[Site "San Francisco"]
[Date "2015.06.02"]
[Round "2.18"]
[White "Krasnov, Steven"]
[Black "Rakonitz, David"]
[Result "1-0"]
[WhiteElo "1977"]
[BlackElo "1613"]
[Annotator "Donaldson"]
[PlyCount "105"]
[EventDate "2015.??.??"]

1. d4 Nf6 2. Nf3 e6 3. c4 b6 4. g3 Bb7 5. Bg2 Be7 6. Nc3 O-O 7. Qc2 Na6 8. a3
c5 9. e3 cxd4 10. exd4 Nc7 11. O-O Qc8 12. Bg5 d5 13. cxd5 Ncxd5 14. Bd2 Nxc3
15. bxc3 Ne4 16. Rfe1 Nxd2 17. Nxd2 Bxg2 18. Kxg2 Bf6 19. Rac1 Qc6+ 20. Kg1
Rac8 21. Qb3 Rc7 22. Ne4 Be7 23. h4 Qc4 24. Rb1 Rfc8 25. Re3 Qxb3 26. Rxb3 Rc4
27. Nd2 R4c7 28. Kf1 Kf8 29. Ke2 g5 30. hxg5 Bxg5 31. f4 Bf6 32. g4 h6 33. Ne4
Kg7 34. Rb5 Be7 35. a4 Rc4 36. a5 R4c6 37. axb6 axb6 38. f5 Bg5 39. Nxg5 hxg5
40. fxe6 fxe6 41. Rxg5+ Kf6 42. Rb5 Rxc3 43. Rxc3 Rxc3 44. Rxb6 Rg3 45. d5 Rxg4
46. Rxe6+ Kf7 47. Kd3 Ra4 48. Re4 Rxe4 49. Kxe4 Ke7 50. Ke5 Kd7 51. d6 Ke8 $4 (
51... Kd8 $11) 52. Ke6 Kd8 53. d7 1-0

[Event "Mechanics' Spring TNM; G/2"]
[Site "San Francisco"]
[Date "2015.04.21"]
[Round "6.11"]
[White "Krasnov, Steven"]
[Black "Royzen, Igor"]
[Result "1/2-1/2"]
[WhiteElo "2016"]
[BlackElo "1881"]
[Annotator "Winslow,Elliott"]
[PlyCount "120"]
[EventDate "2015.??.??"]

1. Nf3 d5 2. g3 Nf6 3. Bg2 Bf5 4. c4 c6 5. O-O e6 6. cxd5 exd5 7. Nc3 Bd6 8. d3
O-O 9. Nh4 Bg6 10. Nxg6 hxg6 11. Bg5 Qb6 12. Rb1 Nbd7 13. b4 a6 14. Qc2 Rfe8
15. a3 Nf8 16. e4 dxe4 17. dxe4 Ne6 18. Be3 Qc7 19. h3 Rad8 20. f4 Be7 21. e5
Nd5 22. Nxd5 cxd5 23. Qxc7 Nxc7 24. Bb6 Rd7 25. Bxc7 Rxc7 26. Bxd5 Rc3 27. Rb3
Rxb3 28. Bxb3 Rd8 29. Rf3 Rd2 30. Kf1 Kf8 31. Rc3 Ke8 32. Ke1 Rb2 33. e6 fxe6
34. Bxe6 Bf6 35. Rc7 b6 36. Rb7 Bc3+ 37. Kf1 a5 38. Bf7+ Kf8 39. Bxg6 axb4 40.
Rb8+ Ke7 41. Rb7+ Kf8 42. Rxb6 bxa3 43. Rxb2 Bxb2 44. Bb1 Ke7 45. Ba2 Kf6 46.
Ke2 g5 47. Kf3 Bc1 48. fxg5+ Kxg5 (48... Bxg5 49. h4 Bxh4 $1 {
is the pushy defense: king to h8, good luck winning!}) 49. h4+ Kh5 50. Bf7+ Kh6
51. Ke4 Bb2 52. Kf5 Bc1 53. g4 Kg7 54. Bc4 Bd2 55. g5 Be3 56. Kg4 Bd2 57. Bd5
Bc1 58. Kf5 Bd2 59. Ke4 ({The moment White plays} 59. h5 {Black plays} Bxg5 $1
$11) 59... Kg6 60. Kf3 Bxg5 1/2-1/2

[Event "Mechanics' Spring TNM; G/2"]
[Site "San Francisco"]
[Date "2015.03.31"]
[Round "3.18"]
[White "Krasnov, Steven"]
[Black "Standen, Julian"]
[Result "1-0"]
[WhiteElo "2016"]
[BlackElo "1630"]
[PlyCount "61"]
[EventDate "2015.??.??"]

1. c4 c6 2. e4 e5 3. Nc3 d6 4. g3 Nf6 5. Bg2 Be7 6. Nge2 Bg4 7. h3 Bxe2 8. Qxe2
Nbd7 9. O-O O-O 10. d3 Qc7 11. Be3 Rad8 12. Rac1 Ne8 13. f4 f5 14. exf5 Rxf5
15. Qg4 g6 16. Ne4 Ndf6 17. Qe2 Nxe4 18. Bxe4 Rf8 19. f5 gxf5 20. Bxf5 Ng7 21.
Qg4 Kh8 22. Be4 a6 23. Bh6 Bf6 24. Rc2 Rf7 25. Rcf2 Rdf8 26. Kg2 Qe7 27. Bf5
Rg8 28. Be4 Ne6 29. Qh5 Ng5 30. Bxg5 Rxg5 31. Qxg5 $1 1-0

[Event "Mechanics' Summer TNM; G/2"]
[Site "San Francisco"]
[Date "2015.07.14"]
[Round "8.13"]
[White "Krasnov, Steven"]
[Black "Stuetzel, Ezra G"]
[Result "1-0"]
[WhiteElo "1977"]
[BlackElo "1549"]
[Annotator "Donaldson"]
[PlyCount "105"]
[EventDate "2015.??.??"]

1. Nf3 d5 2. c4 c6 3. e3 Nf6 4. Nc3 e6 5. Qc2 Na6 6. a3 Nc7 7. b4 Be7 8. Bb2
dxc4 9. Bxc4 Ncd5 10. O-O Bd7 11. Rad1 b5 12. Be2 O-O 13. Ne5 a5 14. Nxd5 cxd5
15. Qb3 axb4 16. axb4 Qb6 17. f4 Ra4 18. Bc3 Qd6 19. Ra1 Rfa8 20. Nxd7 Qxd7 21.
Qb2 h6 22. Rfb1 Ne8 23. Rxa4 Rxa4 24. Bd1 Ra7 25. Bd4 Ra8 26. Be2 f6 27. Bc5
Nd6 28. d3 Nf5 29. e4 Bxc5+ 30. bxc5 dxe4 31. dxe4 Qd4+ 32. Qxd4 Nxd4 33. Bxb5
Rc8 34. c6 Nxb5 35. Rxb5 Rxc6 36. Kf2 Rc2+ 37. Kf3 Rc3+ 38. Kg4 Rc2 39. Kh3
Rc3+ 40. g3 Rc7 41. Kg4 Kf7 42. h4 Rc8 43. Kh5 Rc7 44. g4 Rd7 45. g5 hxg5 46.
hxg5 g6+ 47. Kh6 fxg5 48. fxg5 Rd4 49. Rb7+ Kf8 50. Kxg6 Rxe4 51. Kf6 {
Diagram #} Kg8 $4 (51... Rf4+ 52. Kg6 e5 $11) 52. Rb8+ Kh7 53. g6+ 1-0

[Event "Mechanics' Fall TNM; G/2"]
[Site "San Francisco"]
[Date "2015.11.03"]
[Round "3.8"]
[White "Krasnov, Steven"]
[Black "Tracy, Joseph J"]
[Result "0-1"]
[WhiteElo "1921"]
[BlackElo "2196"]
[PlyCount "132"]
[EventDate "2015.??.??"]

1. d4 e6 2. Nf3 Nf6 3. c4 b6 4. g3 Bb7 5. Bg2 Be7 6. Nc3 Ne4 7. Bd2 d6 8. O-O
Nd7 9. Qc2 Nxc3 10. Bxc3 Nf6 11. Qa4+ Qd7 12. Qxd7+ Nxd7 13. Rfe1 Nf6 14. Rad1
O-O 15. Nd2 Bxg2 16. Kxg2 d5 17. e4 dxe4 18. Nxe4 Nxe4 19. Rxe4 Bf6 20. Re3
Rfd8 21. d5 Bxc3 22. Rxc3 Rd7 23. Kf3 Kf8 24. h4 Rad8 25. Re1 exd5 26. cxd5 Re8
27. Rec1 Ree7 28. b4 Ke8 29. Ra3 Rxd5 30. Rxa7 Rd3+ 31. Kg2 Kd8 32. a4 Rd4 33.
b5 Rd2 34. a5 bxa5 35. Rxa5 Ree2 36. Ra8+ Kd7 37. Rf1 Rb2 38. Rf8 Ke7 39. Rc8
Rec2 40. Rb8 h5 41. Kf3 Kf6 42. Ke3 Kf5 43. f3 Re2+ 44. Kd3 f6 45. Rc1 Rbd2+
46. Kc3 Rf2 47. Rb7 Rb2 48. Rd1 Rfc2+ 49. Kd3 Rc5 50. Re1 Rb3+ 51. Kd4 Rcxb5
52. Rxc7 R5b4+ 53. Kc5 Rc3+ 54. Kxb4 Rxc7 55. Ra1 Rc2 56. Ra5+ Kg6 57. Ra3 Rg2
58. f4 Kf5 59. Kc4 Kg4 60. Ra7 g6 61. Ra6 Rxg3 62. Rxf6 Kxh4 63. Kd4 Rg4 64.
Ke3 Kg3 65. f5 g5 66. Rg6 Kh4 0-1

[Event "Mechanics' Leighton Allen TNM; G/2"]
[Site "San Francisco"]
[Date "2015.08.10"]
[Round "2.5"]
[White "Krasnov, Steven"]
[Black "Vickers, Keith"]
[Result "1-0"]
[WhiteElo "1965"]
[BlackElo "2200"]
[PlyCount "83"]
[EventDate "2015.??.??"]

1. Nf3 f5 2. c4 Nf6 3. Nc3 d6 4. Qc2 e5 5. d3 Be7 6. g3 O-O 7. Bg2 c5 8. O-O
Nc6 9. Bg5 Bd7 10. e3 Ng4 11. Bxe7 Qxe7 12. Nd5 Qd8 13. Rad1 Nf6 14. a3 Nxd5
15. cxd5 Ne7 16. Nd2 f4 17. exf4 exf4 18. Rde1 Nf5 19. Nf3 g5 20. gxf4 g4 21.
Ng5 Nd4 22. Qc1 Qf6 23. Ne6 Nf3+ 24. Bxf3 gxf3 25. Kh1 Bxe6 26. Rg1+ Bg4 27.
Rxg4+ Kf7 28. f5 h5 29. Rf4 Rg8 30. Rxf3 Qd4 31. Qh6 Qxd5 32. Qxh5+ Kf8 33. Re4
Rd8 34. Qh6+ Kf7 35. Qe6+ Qxe6 36. fxe6+ Ke8 37. Rf7 d5 38. Re5 b5 39. Rxa7 c4
40. d4 Rg6 41. Rh5 Rf6 42. Rh8+ 1-0

[Event "Mechanics' Fall TNM; G/2"]
[Site "San Francisco"]
[Date "2015.12.01"]
[Round "7.7"]
[White "Krasnov, Steven"]
[Black "Vickers, Keith"]
[Result "1/2-1/2"]
[WhiteElo "1921"]
[BlackElo "2200"]
[PlyCount "62"]
[EventDate "2015.??.??"]

1. Nf3 d5 2. c4 e6 3. e3 c6 4. Nc3 f5 5. Qc2 Nf6 6. b3 Be7 7. Bb2 O-O 8. Be2
Ne4 9. d3 Nxc3 10. Bxc3 Nd7 11. O-O Bf6 12. Rad1 Bxc3 13. Qxc3 Qf6 14. d4 g5
15. Rfe1 g4 16. Ne5 Nxe5 17. dxe5 Qg7 18. Qd4 Bd7 19. f3 gxf3 20. Bxf3 Be8 21.
g3 Bg6 22. Rd2 Kh8 23. c5 Rg8 24. Qf4 Qe7 25. Rc1 Rg7 26. Kf2 Rag8 27. Rd4 Be8
28. Ra4 a6 29. Rb4 Rg5 30. a3 Qg7 31. Rc2 Qc7 1/2-1/2

[Event "Mechanics' Winter TNM; 30/90, SD/30"]
[Site "San Francisco"]
[Date "2015.01.27"]
[Round "4.6"]
[White "Krasnov, Steven"]
[Black "Walder, Michael"]
[Result "0-1"]
[WhiteElo "2016"]
[BlackElo "2154"]
[PlyCount "76"]
[EventDate "2015.??.??"]

1. d4 Nf6 2. c4 e6 3. Nf3 c5 4. d5 exd5 5. cxd5 d6 6. Nc3 g6 7. Bf4 a6 8. a4
Bg7 9. h3 O-O 10. e3 Re8 11. Be2 Ne4 12. Nxe4 Rxe4 13. Nd2 Rb4 14. Nc4 Bxb2 15.
Ra2 Bc3+ 16. Kf1 Bf5 17. Bd3 Qf6 18. g4 Bxd3+ 19. Qxd3 Be5 20. Bxe5 dxe5 21.
Qc3 Nd7 22. Kg2 e4 23. Qxf6 Nxf6 24. Rc1 Rd8 25. d6 Nd7 26. a5 f5 27. Kg3 Kf7
28. Rd2 Ke6 29. Kf4 h6 30. gxf5+ gxf5 31. Rdd1 Rg8 32. f3 exf3 33. Kxf3 Rxc4
34. Rg1 Rxg1 35. Rxg1 Ne5+ 36. Kg3 Kxd6 37. Rb1 Rb4 38. Rf1 Ke6 0-1

[Event "Mechanics' Fall TNM; G/2"]
[Site "San Francisco"]
[Date "2015.11.17"]
[Round "5.18"]
[White "Kuczek, Kevin W"]
[Black "Andries, Craig"]
[Result "1/2-1/2"]
[WhiteElo "1611"]
[BlackElo "1863"]
[PlyCount "96"]
[EventDate "2015.??.??"]

1. e4 g6 2. d4 Bg7 3. Nf3 d6 4. c4 c6 5. Nc3 a6 6. a4 a5 7. Be2 Na6 8. O-O Nb4
9. Be3 Qc7 10. Qd2 e5 11. Rad1 Ne7 12. dxe5 dxe5 13. Bc5 f6 14. Qd6 Qxd6 15.
Rxd6 Kf7 16. h3 Be6 17. Rfd1 Rhe8 18. b3 Bf8 19. Bxb4 axb4 20. Na2 c5 21. Nc1
Nc6 22. R6d3 Bh6 23. Bf1 Red8 24. Rxd8 Rxd8 25. Rxd8 Nxd8 26. Nd3 Bf8 27. g4 g5
28. Be2 Nc6 29. Bd1 Bd6 30. Nh2 Na5 31. Nb2 Nc6 32. f3 Nd4 33. Kf2 Bd7 34. Nf1
Ne6 35. Nd3 Nd4 36. Ne3 Bc6 37. Nd5 Bxd5 38. exd5 Kg6 39. Ne1 h5 40. Bc2+ Kh6
41. Ke3 hxg4 42. hxg4 Kg7 43. Kf2 f5 44. gxf5 Kf6 45. Ke3 b6 46. Kf2 e4 47.
fxe4 Bf4 48. Bd1 g4 1/2-1/2